Procedimiento fiscal (Registro nro. 3220)

Detalles MARC
000 -LEADER
fixed length control field 01423 a2200265 4500
001 - CONTROL NUMBER
control field 40455
005 - DATE AND TIME OF LATEST TRANSACTION
control field 20260407155658.0
008 - FIXED-LENGTH DATA ELEMENTS--GENERAL INFORMATION
fixed length control field 260407a2016 arg spa d
003 - CONTROL NUMBER IDENTIFIER
control field AR-UNSa-BCEJYS
040 ## - CATALOGING SOURCE
Original cataloging agency AR-UNSa-BCEJYS
Language of cataloging spa
Transcribing agency AR-UNSa-BCEJYS
080 ## - UNIVERSAL DECIMAL CLASSIFICATION NUMBER
Universal Decimal Classification number 336.221
Common auxiliary subdivision Tributación
020 ## - INTERNATIONAL STANDARD BOOK NUMBER
International Standard Book Number 978-987-01-1924-1
041 ## - LANGUAGE CODE
Language code of text/sound track or separate title spa
100 1# - MAIN ENTRY--PERSONAL NAME
Personal name Celdeiro, Ernesto Carlos
245 10 - TITLE STATEMENT
Title Procedimiento fiscal
Name of part/section of a work explicado y comentado
250 ## - EDITION STATEMENT
Edition statement 9a. ed.
264 #1 - PRODUCTION, PUBLICATION, DISTRIBUTION, MANUFACTURE, AND COPYRIGHT NOTICE
Place of production, publication, distribution, manufacture Buenos Aires :
Name of producer, publisher, distributor, manufacturer Errepar
Date of production, publication, distribution, manufacture, or copyright notice 2016
300 ## - PHYSICAL DESCRIPTION
Extent 230 p.
Dimensions 27 cm.
505 ## - FORMATTED CONTENTS NOTE
Formatted contents note 1. Procedimiento fiscal - 2. Interpretación de leyes tributarias - 3. Domicilio, términos y notificaciones - 4. Relación jurídico-Tributaria - 5. Liquidación y percepción de impuestos - 6. Extinción de la obligación tributaria - 7. Verificación y fiscalización - 8. Intereses, actualización e ilícitos tributarios - 9. Determinación de oficio - 10. Acción de repetición - 11. Recursos administrativos contra resoluciones de la AFIP - 12. Recursos y demandas ante la justicia - 13. Juicio de ejecución fiscal y pago provisorio de impuestos vencidos - 14. Tribunal fiscal de la nación: 149 a 199/Dr: 76 a 87
590 ## - LOCAL NOTE (RLIN)
Local note niveau_biblio:m niveau_hierar:0
700 1# - ADDED ENTRY--PERSONAL NAME
Personal name Gadea, María de los Angeles
700 1# - ADDED ENTRY--PERSONAL NAME
Personal name Imirizaldu, Juan José
856 41 - ELECTRONIC LOCATION AND ACCESS
Uniform Resource Identifier <a href="https://biblioeco.unsa.edu.ar/pmb/images/libros/L125917.jpg">https://biblioeco.unsa.edu.ar/pmb/images/libros/L125917.jpg</a>
Link text Imagen de portada
Electronic format type image/jpeg
942 ## - ADDED ENTRY ELEMENTS (KOHA)
Koha item type
Existencias
Withdrawn status Lost status Damaged status Not for loan Home library Current library Shelving location Date acquired Total checkouts Full call number Barcode Date last seen Price effective from Koha item type Public note
        Biblioteca Prof. Eusebio Cleto del Rey Biblioteca Prof. Eusebio Cleto del Rey   07/04/2026   336.221 C392 9ed. L125917 07/04/2026 07/04/2026 Libro CANTO MANCHADO
        Biblioteca Prof. Eusebio Cleto del Rey Biblioteca Prof. Eusebio Cleto del Rey   07/04/2026   336.221 C392 9ed. L125918 07/04/2026 07/04/2026 Libro TAPA DOBLADA - UN POCO HÚMEDO
        Biblioteca Prof. Eusebio Cleto del Rey Biblioteca Prof. Eusebio Cleto del Rey   07/04/2026   336.221 C392 9ed. L125919 07/04/2026 07/04/2026 Libro LÁPIZ PÁG 41,177,186,187 - TAPA DOBLADA
        Biblioteca Prof. Eusebio Cleto del Rey Biblioteca Prof. Eusebio Cleto del Rey   07/04/2026   336.221 C392 9ed. L125920 07/04/2026 07/04/2026 Libro CANTO MANCHADO - UN POCO HÚMEDO - LÁPIZ PÁG 177 - TAPA DOBLADA
        Biblioteca Prof. Eusebio Cleto del Rey Biblioteca Prof. Eusebio Cleto del Rey   07/04/2026   336.221 C392 9ed. L125921 07/04/2026 07/04/2026 Libro UN POCO HÚMEDO - PARTIDO PÁG 228 - CANTO MANCHADO CON ROSA - TAPA DOBLADA - PRIMERA PÁGINA SELLO MOJADO